000 00166nam a22000857a 4500
082 _a621.4021BRI
100 _aBrijlal
245 _aHeat and thermodynamics
942 _cBK
999 _c15253
_d15253